| 000 | 01689cam a22003737i 4500 | ||
|---|---|---|---|
| 001 | 19258454 | ||
| 005 | 20221205093101.0 | ||
| 008 | 160901s2016 caua 001 0 eng d | ||
| 010 | _a 2016448127 | ||
| 020 |
_a9781491939369 _q(paperback) |
||
| 020 |
_a1491939362 _q(paperback) |
||
| 035 | _a(OCoLC)ocn919482363 | ||
| 038 | _aM.Ramzan | ||
| 040 |
_aBTCTA _beng _cBTCTA _erda _dYDXCP _dBDX _dYEQ _dYYP _dJRZ _dOCLCF _dDLC |
||
| 042 | _alccopycat | ||
| 050 | 0 | 0 |
_aQA76.73.P98 _bD694 2016 |
| 082 | 0 | 0 |
_a005.133 _223 _bDOW |
| 100 | 1 |
_aDowney, Allen, _eauthor. _9104066 |
|
| 245 | 1 | 0 |
_aThink Python / _cAllen B. Downey. |
| 250 | _a2nd edition, updated for Python 3. | ||
| 264 | 1 |
_aSebastopol, CA : _bO'Reilly Media, _c2016 |
|
| 300 |
_axx, 268 pages : _billustrations ; _c24 cm |
||
| 336 |
_atext _btxt _2rdacontent |
||
| 337 |
_aunmediated _bn _2rdamedia |
||
| 338 |
_avolume _bnc _2rdacarrier |
||
| 500 | _a"How to think like a computer scientist" -- Cover. | ||
| 500 | _aEdition statement from cover. | ||
| 504 | _aIncludes index. | ||
| 505 | 0 | _aThe way of the program -- Variables, expressions and statements -- Functions -- Case Study: Interface design -- Conditionals and recursion -- Fruitful functions -- Iteration -- Strings -- Case study: Word play -- Lists -- Dictionaries -- Tuples -- Case study: Data structure selection -- Files -- Classes and objects -- Classes and functions -- Classes and methods -- Inheritance -- The goodies -- Debugging -- Analysis of algorithms. | |
| 650 | 0 | _aPython (Computer program language) | |
| 906 |
_a7 _bcbc _ccopycat _d2 _encip _f20 _gy-gencatlg |
||
| 942 |
_2ddc _cBK _e2nd |
||
| 999 |
_c592584 _d592584 |
||